De la emergencia a la estrategia: más allá del alivio de la pobreza /
Se compilan diversos artículos publicados entre 1989 y el 2003, en los cuales se analiza la problemática económica y social en el marco de los procesos de reforma política y económica que atravesaron América Latina en las últimas décadas, con especial énfasis en el caso argentino. Se afirma que la r...
Na minha lista:
| Autor principal: | |
|---|---|
| Formato: | Desconhecido |
| Idioma: | Spanish |
| Publicado em: |
Buenos Aires, Argentina :
Espacio,
2004
|
| Colecção: | Colección Ciencias Sociales
|
| Assuntos: | |
| Tags: |
Adicionar Tag
Sem tags, seja o primeiro a adicionar uma tag!
|
MARC
| LEADER | 00000 a2200000 04500 | ||
|---|---|---|---|
| 001 | 40352 | ||
| 003 | cru CIDCACS/IIS | ||
| 005 | 20230517123002.0 | ||
| 008 | 050626s2004 ag spa d | ||
| 020 | |a 950-802-180-2 | ||
| 040 | |c CRAI/IIS | ||
| 090 | |a 03.02.05 C787e | ||
| 100 | |a José Luis, Coraggio | ||
| 245 | |a De la emergencia a la estrategia: |b más allá del alivio de la pobreza / |c José Luis Coraggio | ||
| 260 | |a Buenos Aires, Argentina : |b Espacio, |c 2004 | ||
| 300 | |a 330 páginas | ||
| 440 | |a Colección Ciencias Sociales | ||
| 520 | |a Se compilan diversos artículos publicados entre 1989 y el 2003, en los cuales se analiza la problemática económica y social en el marco de los procesos de reforma política y económica que atravesaron América Latina en las últimas décadas, con especial énfasis en el caso argentino. Se afirma que la respuesta ante las emergencias localizadas debe enmarcarse en una estrategia que reinstale en el imaginario social los tiempos intergeneracionales del cambio estructural. | ||
| 590 | |a EFU/NOVIEMBRE2011 | ||
| 650 | |a NEOLIBERALISMO | ||
| 650 | |a ARGENTINA | ||
| 650 | |a AMERICA LATINA | ||
| 650 | |a POBREZA | ||
| 650 | |a TEORIA | ||
| 650 | |a ECONOMIA | ||
| 942 | |2 ddc |c LI |h 03.02.05 C787e |i 06875 |6 030205_C787E_06875 | ||
| 999 | |c 10782 |d 10782 | ||



